[Event "DFMMLV 2019"]
[Site "Braunfels"]
[Date "2019.06.22"]
[Round "4.12"]
[White "Ankerst, Milka"]
[Black "Gressmann, Hanna"]
[Result "1/2-1/2"]
[WhiteElo "2005"]
[BlackElo "1840"]
[Annotator "NA"]
[PlyCount "104"]
[EventDate "2019.06.20"]
[EventType "team-tourn"]
[EventCountry "GER"]
[SourceTitle "playchess.com"]
[Source "ChessBase"]
[SourceQuality "1"]
[WhiteTeam "Bayern 1"]
[BlackTeam "Schleswig Holstein"]
[TimeControl "40/5400+30:1800+30"]

1. e4 {[%emt 0:00:00]} d6 {[%emt 0:00:00]} 2. d4 {[%emt 0:00:02]} Nf6 {[%emt 0:00:00]} 3. Nc3 {[%emt 0:00:21]} Nbd7 {[%emt 0:00:12]} 4. f4 {[%emt 0:00:50]} e5 {[%emt 0:00:52]} 5. Nf3 {[%emt 0:00:28]} exd4 {[%emt 0:00:36]} 6. Nxd4 {[%emt 0:02:35]} c6 {[%emt 0:02:46]} 7. Be2 {[%emt 0:01:25]} Nc5 {[%emt 0:03:53]} 8. Bf3 {[%emt 0:00:58]} Be7 {[%emt 0:02:35]} 9. O-O {[%emt 0:03:04]} O-O {[%emt 0:01:51]} 10. Kh1 {[%emt 0:01:01]} Re8 {[%emt 0:02:23]} 11. Nb3 {[%emt 0:06:57]} Ne6 {[%emt 0:05:27]} 12. Qd3 {[%emt 0:05:08]} a5 13. a4 {[%emt 0:02:16]} Qc7 {[%emt 0:08:26]} 14. Be3 {[%emt 0:04:05]} Nf8 {[%emt 0:02:28]} 15. Qe2 {[%emt 0:10:09]} Ng6 {[%emt 0:03:30]} 16. Qf2 {[%emt 0:00:44]} Bd8 {[%emt 0:07:29]} 17. Qg3 {[%emt 0:05:16]} Nd5 {[%emt 0:13:40]} 18. Nxd5 {[%emt 0:07:30]} cxd5 {[%emt 0:01:17]} 19. Qf2 {[%emt 0:06:54]} dxe4 {[%emt 0:03:01]} 20. Bh5 {[%emt 0:00:14]} Ne7 {[%emt 0:04:45]} 21. Nd4 {[%emt 0:02:47]} Nf5 {[%emt 0:01:48]} 22. Nb5 {[%emt 0:05:40]} Qe7 {[%emt 0:02:14]} 23. Rad1 {[%emt 0:06:23]} Bd7 {[%emt 0:03:04]} 24. Be2 {[%emt 0:00:31]} Qf6 {[%emt 0:07:13]} 25. c3 {[%emt 0:00:56]} Nxe3 {[%emt 0:06:12]} 26. Qxe3 {[%emt 0:00:26]} Bxb5 27. Bxb5 {[%emt 0:00:25]} Re7 {[%emt 0:01:15]} 28. Rd5 {[%emt 0:00:45]} Bc7 {[%emt 0:01:35]} 29. Rfd1 {[%emt 0:03:06]} Qh4 {[%emt 0:02:10]} 30. h3 {[%emt 0:01:13]} Re6 {[%emt 0:01:44]} 31. Kh2 {[%emt 0:00:29]} Bb8 {[%emt 0:02:33]} 32. f5 {[%emt 0:03:54]} Ba7 {[%emt 0:05:59]} 33. Qg3 {[%emt 0:01:18]} Qxg3+ {[%emt 0:01:20]} 34. Kxg3 {[%emt 0:00:02]} Re7 {[%emt 0:00:38]} 35. Kg4 {[%emt 0:04:23]} Bc5 {[%emt 0:00:56]} 36. Kf4 {[%emt 0:00:39]} g6 {[%emt 0:01:57]} 37. g4 {[%emt 0:00:45]} h6 {[%emt 0:00:24]} 38. Kg3 {[%emt 0:03:30]} g5 {[%emt 0:00:31]} 39. Rb1 {[%emt 0:00:59]} Be3 {[%emt 0:00:19]} 40. Kg2 {[%emt 0:04:03]} Bf4 {[%emt 0:00:13]} 41. Kf2 {[%emt 0:30:38]} Rc8 {[%emt 0:32:16]} 42. Rbd1 {[%emt 0:03:21]} b6 {[%emt 0:00:00]} 43. Ke2 {[%emt 0:00:00]} Rc5 {[%emt 0:00:00]} 44. R5d4 {[%emt 0:00:00]} Rc8 {[%emt 0:00:00]} 45. Bc4 {[%emt 0:00:00]} Kg7 {[%emt 0:00:00]} 46. Bd5 {[%emt 0:00:00]} e3 {[%emt 0:00:00]} 47. Bf3 {[%emt 0:00:00]} Rc5 {[%emt 0:00:00]} 48. Rd5 {[%emt 0:00:00]} Rec7 {[%emt 0:00:00]} 49. R1d3 {[%emt 0:00:00]} Rc8 {[%emt 0:00:00]} 50. Kd1 Rc4 51. Rb5 Rxa4 52. Rxb6 Ra1+ 1/2-1/2

[Event "DFMMLV 2019"]
[Site "Braunfels"]
[Date "2019.06.22"]
[Round "4.13"]
[White "Hielscher, Ursula"]
[Black "Mehling, Katharina"]
[Result "1-0"]
[WhiteElo "1796"]
[BlackElo "1974"]
[Annotator "NA"]
[PlyCount "62"]
[EventDate "2019.06.20"]
[EventType "team-tourn"]
[EventCountry "GER"]
[SourceTitle "playchess.com"]
[Source "ChessBase"]
[SourceQuality "1"]
[WhiteTeam "Schleswig Holstein"]
[BlackTeam "Bayern 1"]
[TimeControl "40/5400+30:1800+30"]

1. d4 {[%emt 0:00:00]} f5 {[%emt 0:00:00]} 2. e4 {[%emt 0:00:00]} fxe4 {[%emt 0:00:00]} 3. Nc3 {[%emt 0:00:00]} Nf6 {[%emt 0:00:00]} 4. Bg5 {[%emt 0:00:07]} g6 {[%emt 0:00:12]} 5. Bxf6 {[%emt 0:00:16]} exf6 {[%emt 0:00:06]} 6. Nxe4 {[%emt 0:00:08]} d5 {[%emt 0:00:13]} 7. Nc3 {[%emt 0:00:59]} Bh6 {[%emt 0:09:10]} 8. Bd3 {[%emt 0:07:02]} Kf7 {[%emt 0:02:59]} 9. Nge2 {[%emt 0:05:20]} Nc6 {[%emt 0:00:56]} 10. O-O {[%emt 0:05:00]} Nb4 {[%emt 0:01:05]} 11. Bb5 {[%emt 0:00:27]} c6 {[%emt 0:06:33]} 12. Ba4 {[%emt 0:00:20]} Bg4 {[%emt 0:01:45]} 13. a3 {[%emt 0:02:28]} Na6 14. Qd3 {[%emt 0:06:27]} Qd7 {[%emt 0:04:39]} 15. Qg3 {[%emt 0:06:07]} Bf8 {[%emt 0:01:44]} 16. h3 Be6 {[%emt 0:04:12]} 17. Nf4 {[%emt 0:10:48]} Bd6 {[%emt 0:01:55]} 18. Qf3 {[%emt 0:01:45]} Rae8 {[%emt 0:01:49]} 19. Nfxd5 {[%emt 0:03:11]} Qd8 {[%emt 0:03:20]} 20. Ne3 {[%emt 0:06:22]} Ref8 {[%emt 0:04:02]} 21. d5 {[%emt 0:00:51]} cxd5 {[%emt 0:00:27]} 22. Nexd5 {[%emt 0:03:36]} Nc5 23. Rad1 {[%emt 0:00:35]} Nxa4 {[%emt 0:11:52]} 24. Nxa4 {[%emt 0:02:12]} Bd7 {[%emt 0:08:03]} 25. Nac3 {[%emt 0:04:53]} Be5 {[%emt 0:01:50]} 26. Rfe1 {[%emt 0:00:30]} Kg7 {[%emt 0:02:01]} 27. Nb4 {[%emt 0:11:16]} Qc8 {[%emt 0:07:01]} 28. Qe3 {[%emt 0:02:26]} Bb8 {[%emt 0:00:55]} 29. Qd4 {[%emt 0:00:30]} Rf7 {[%emt 0:00:30]} 30. Ncd5 {[%emt 0:03:13]} Re8 {[%emt 0:16:39]} 31. Nxf6 {[%emt 0:00:21]} Be5 1-0

[Event "DFMMLV 2019"]
[Site "Braunfels"]
[Date "2019.06.22"]
[Round "4.14"]
[White "Braun, Kristin"]
[Black "Franzenburg, Maria"]
[Result "1-0"]
[WhiteElo "1895"]
[BlackElo "1860"]
[Annotator "NA"]
[PlyCount "67"]
[EventDate "2019.06.20"]
[EventType "team-tourn"]
[EventCountry "GER"]
[SourceTitle "playchess.com"]
[Source "ChessBase"]
[SourceQuality "1"]
[WhiteTeam "Bayern 1"]
[BlackTeam "Schleswig Holstein"]
[TimeControl "40/5400+30:1800+30"]

1. e4 {[%emt 0:00:00]} e6 {[%emt 0:00:00]} 2. d3 {[%emt 0:00:17]} c5 {[%emt 0:01:08]} 3. g3 {[%emt 0:00:57]} g6 {[%emt 0:00:44]} 4. Bg2 {[%emt 0:00:24]} Bg7 {[%emt 0:00:06]} 5. Nc3 {[%emt 0:01:58]} Ne7 {[%emt 0:07:35]} 6. Be3 {[%emt 0:00:22]} d6 {[%emt 0:01:24]} 7. Qd2 {[%emt 0:00:26]} Nbc6 {[%emt 0:03:25]} 8. O-O-O {[%emt 0:02:37]} Rb8 {[%emt 0:05:04]} 9. Nf3 {[%emt 0:06:40]} b5 {[%emt 0:04:29]} 10. d4 {[%emt 0:01:52]} b4 {[%emt 0:07:03]} 11. Ne2 {[%emt 0:01:49]} Qa5 {[%emt 0:03:06]} 12. Kb1 {[%emt 0:02:06]} c4 {[%emt 0:01:57]} 13. c3 {[%emt 0:04:39]} bxc3 {[%emt 0:14:29]} 14. Qxc3 {[%emt 0:03:07]} Qa4 {[%emt 0:05:45]} 15. Nd2 {[%emt 0:13:14]} Nb4 {[%emt 0:05:20]} 16. Nc1 {[%emt 0:04:24]} Ba6 {[%emt 0:02:55]} 17. Nxc4 {[%emt 0:03:11]} d5 {[%emt 0:07:57]} 18. Nd6+ {[%emt 0:03:32]} Kd7 {[%emt 0:00:13]} 19. e5 {[%emt 0:05:43]} Nf5 {[%emt 0:01:32]} 20. Nxf5 {[%emt 0:09:28]} gxf5 {[%emt 0:02:20]} 21. a3 {[%emt 0:03:58]} Nc6 {[%emt 0:03:28]} 22. Nd3 {[%emt 0:02:40]} Bf8 {[%emt 0:00:23]} 23. Nc5+ {[%emt 0:08:38]} Bxc5 {[%emt 0:00:09]} 24. Qxc5 {[%emt 0:00:29]} Rhc8 {[%emt 0:04:17]} 25. Rc1 {[%emt 0:03:17]} Ne7 {[%emt 0:02:58]} 26. Qd6+ {[%emt 0:02:23]} Ke8 {[%emt 0:00:02]} 27. Bg5 {[%emt 0:02:35]} Rxb2+ {[%emt 0:01:50]} 28. Ka1 {[%emt 0:02:26]} Ra2+ {[%emt 0:00:49]} 29. Kxa2 {[%emt 0:00:53]} Bc4+ {[%emt 0:00:04]} 30. Ka1 {[%emt 0:00:57]} Nc6 {[%emt 0:00:58]} 31. Bf1 {[%emt 0:06:06]} Bxf1 {[%emt 0:02:00]} 32. Rhxf1 {[%emt 0:00:03]} Qxd4+ {[%emt 0:00:09]} 33. Ka2 {[%emt 0:00:20]} f6 {[%emt 0:06:48]} 34. Qxe6+ {[%emt 0:00:28] Nb8} 1-0

[Event "DFMMLV 2019"]
[Site "Braunfels"]
[Date "2019.06.22"]
[Round "4.15"]
[White "Freter, Anke"]
[Black "Woniak, Katarzyna"]
[Result "0-1"]
[WhiteElo "1856"]
[BlackElo "1915"]
[Annotator "NA"]
[PlyCount "114"]
[EventDate "2019.06.20"]
[EventType "team-tourn"]
[EventCountry "GER"]
[SourceTitle "playchess.com"]
[Source "ChessBase"]
[SourceQuality "1"]
[WhiteTeam "Schleswig Holstein"]
[BlackTeam "Bayern 1"]
[TimeControl "40/5400+30:1800+30"]

1. e4 {[%emt 0:00:00]} g6 {[%emt 0:00:00]} 2. g3 {[%emt 0:00:35]} Bg7 {[%emt 0:02:00]} 3. Bg2 {[%emt 0:00:44]} d6 {[%emt 0:01:24]} 4. Nc3 {[%emt 0:01:07]} Nf6 {[%emt 0:00:27]} 5. d3 {[%emt 0:00:59]} c6 {[%emt 0:03:46]} 6. f4 {[%emt 0:02:45]} Qb6 {[%emt 0:06:16]} 7. h3 {[%emt 0:10:00]} Nbd7 {[%emt 0:08:40]} 8. g4 {[%emt 0:09:17]} Nf8 {[%emt 0:16:04]} 9. Qf3 {[%emt 0:06:22]} e6 {[%emt 0:01:45]} 10. Nge2 {[%emt 0:02:08]} d5 {[%emt 0:04:01]} 11. e5 {[%emt 0:04:07]} Ng8 {[%emt 0:01:25]} 12. d4 {[%emt 0:02:32]} Ne7 {[%emt 0:04:08]} 13. Nd1 {[%emt 0:04:59]} c5 {[%emt 0:01:20]} 14. dxc5 {[%emt 0:06:59]} Qxc5 {[%emt 0:00:04]} 15. c3 {[%emt 0:00:21]} Bd7 {[%emt 0:00:57]} 16. Be3 {[%emt 0:01:18]} Qa5 {[%emt 0:00:18]} 17. Nd4 {[%emt 0:06:19]} Nc6 {[%emt 0:03:43]} 18. O-O {[%emt 0:03:41]} Nxd4 {[%emt 0:00:46]} 19. Bxd4 {[%emt 0:00:34]} h5 {[%emt 0:03:10]} 20. Ne3 {[%emt 0:02:03]} hxg4 {[%emt 0:04:18]} 21. hxg4 {[%emt 0:00:06]} Bb5 {[%emt 0:01:59]} 22. Rfc1 {[%emt 0:00:44]} Bc6 {[%emt 0:03:53]} 23. f5 {[%emt 0:03:23]} gxf5 {[%emt 0:02:48]} 24. gxf5 {[%emt 0:00:11]} Qd8 {[%emt 0:06:46]} 25. Qg3 {[%emt 0:05:40]} Bh6 {[%emt 0:01:25]} 26. Ng4 {[%emt 0:01:34]} Bg5 {[%emt 0:06:49]} 27. Re1 {[%emt 0:02:47]} Qd7 {[%emt 0:03:02]} 28. b3 {[%emt 0:06:18]} b6 {[%emt 0:04:12]} 29. Qf3 {[%emt 0:03:20]} O-O-O {[%emt 0:01:15]} 30. a4 {[%emt 0:00:11]} Nh7 {[%emt 0:00:41]} 31. Ne3 {[%emt 0:01:34]} Bxe3+ {[%emt 0:00:14]} 32. Qxe3 {[%emt 0:00:16]} Rhg8 {[%emt 0:00:50]} 33. Kf2 {[%emt 0:01:46]} Ng5 {[%emt 0:00:30]} 34. a5 {[%emt 0:00:36]} b5 {[%emt 0:00:50]} 35. Rg1 {[%emt 0:03:35]} Kb8 {[%emt 0:01:46]} 36. Bc5 {[%emt 0:01:56]} exf5 {[%emt 0:01:56]} 37. Bd6+ {[%emt 0:00:19]} Ka8 {[%emt 0:00:39]} 38. Bxd5 {[%emt 0:03:04]} Bxd5 {[%emt 0:01:48]} 39. Rxg5 {[%emt 0:00:06]} Rxg5 {[%emt 0:02:08]} 40. Qxg5 {[%emt 0:00:02]} Bxb3 {[%emt 0:00:44]} 41. a6 {[%emt 0:33:28]} Bd5 {[%emt 0:00:49]} 42. Rb1 {[%emt 0:00:00]} Rc8 {[%emt 0:03:10]} 43. Qd2 {[%emt 0:00:00]} Be4 {[%emt 0:04:40]} 44. Ra1 {[%emt 0:00:00]} Rh8 {[%emt 0:00:25]} 45. Qg5 {[%emt 0:00:00]} Rh2+ {[%emt 0:01:59]} 46. Ke3 {[%emt 0:00:00]} Rh3+ {[%emt 0:02:33]} 47. Kd2 {[%emt 0:00:00]} Rd3+ {[%emt 0:00:33]} 48. Ke2 {[%emt 0:00:00]} Rxc3 {[%emt 0:01:00]} 49. Qg8+ {[%emt 0:00:00]} Rc8 {[%emt 0:00:16]} 50. Rg1 {[%emt 0:00:00]} Qe6 {[%emt 0:08:47]} 51. Rg7 {[%emt 0:00:00]} Qa2+ {[%emt 0:01:39]} 52. Ke3 {[%emt 0:00:00]} Qxa6 {[%emt 0:02:51]} 53. Qxf7 {[%emt 0:00:00]} Qb6+ {[%emt 0:01:38]} 54. Kf4 {[%emt 0:00:00]} Qf2+ {[%emt 0:01:42]} 55. Kg5 {[%emt 0:00:00]} Qg3+ {[%emt 0:00:59]} 56. Kf6 {[%emt 0:02:40]} Qh4+ {[%emt 0:00:27]} 57. Ke6 {[%emt 0:00:22]} Bd5+ {[%emt 0:00:54]} 0-1

[Event "DFMMLV 2019"]
[Site "Braunfels"]
[Date "2019.06.22"]
[Round "4.16"]
[White "Spiel, Marianne"]
[Black "Braeutigam, Katerina"]
[Result "1/2-1/2"]
[WhiteElo "1894"]
[BlackElo "1697"]
[Annotator "NA"]
[PlyCount "174"]
[EventDate "2019.06.20"]
[EventType "team-tourn"]
[EventCountry "GER"]
[SourceTitle "playchess.com"]
[Source "ChessBase"]
[SourceQuality "1"]
[WhiteTeam "Bayern 1"]
[BlackTeam "Schleswig Holstein"]
[TimeControl "40/5400+30:1800+30"]

1. e4 c6 2. c4 {[%emt 0:00:16]} d5 {[%emt 0:00:05]} 3. exd5 {[%emt 0:00:05]} cxd5 {[%emt 0:00:11]} 4. cxd5 {[%emt 0:00:07]} Nf6 {[%emt 0:00:12]} 5. Bb5+ {[%emt 0:07:08]} Nbd7 {[%emt 0:00:21]} 6. Nc3 {[%emt 0:00:37]} a6 {[%emt 0:00:43]} 7. Ba4 {[%emt 0:05:08]} b5 {[%emt 0:01:09]} 8. Bb3 {[%emt 0:00:55] B10: Caro-Kann: 2 d3 and 2 c4} Nb6 {[%emt 0:00:44]} (8... Bb7 9. Nf3 b4 10. Na4 Bxd5 11. O-O e6 12. d4 Be7 13. Bg5 Qa5 14. Rc1 O-O 15. Bxf6 Bxf6 16. Bxd5 Qxd5 17. Qb3 {½-½ (17) Foygel,I (2474)-Stripunsky,A (2554) Seattle 2003}) 9. Nf3 {[%emt 0:01:15]} Nfxd5 {[%emt 0:02:10]} 10. O-O {[%emt 0:00:45]} e6 {[%emt 0:01:18]} 11. d4 {[%emt 0:03:10]} Nxc3 $146 {[%emt 0:11:46]} ({Predecessor:} 11... Be7 12. a3 Bb7 13. Qd3 b4 14. Nxd5 Bxd5 15. axb4 Bxf3 16. Qxf3 {1-0 (29) Kutschke,P (1993)-Hornych,C (1971) Mecklenburg VP 2002}) 12. bxc3 {[%emt 0:00:30]} Bb7 {[%emt 0:00:25]} 13. Qe2 {[%emt 0:08:00]} Qc8 {[%emt 0:05:13]} 14. Ne5 {[%emt 0:15:25]} Bd6 {[%emt 0:10:02]} 15. f4 {[%emt 0:09:46]} O-O {[%emt 0:02:53]} 16. Bb2 {[%emt 0:04:18]} Nd5 {[%emt 0:22:08]} 17. Rac1 {[%emt 0:03:30]} Re8 {[%emt 0:04:17]} 18. c4 {[%emt 0:08:41]} bxc4 {[%emt 0:01:04]} 19. Bxc4 {[%emt 0:04:56]} Qd8 {[%emt 0:02:12]} 20. Bd3 {[%emt 0:08:22]} Nf6 {[%emt 0:19:01]} 21. g3 {[%emt 0:01:36]} Qb6 {[%emt 0:08:04]} 22. Nc4 {[%emt 0:01:29]} Qd8 {[%emt 0:00:47]} 23. Nxd6 {[%emt 0:00:14]} Qxd6 {[%emt 0:00:10]} 24. h3 {[%emt 0:00:19]} Qd5 {[%emt 0:01:18]} 25. Kh2 {[%emt 0:02:46]} Qxa2 {[%emt 0:02:15]} 26. Ra1 {[%emt 0:00:06]} Qb3 {[%emt 0:00:55]} 27. Rfb1 {[%emt 0:00:25]} a5 {[%emt 0:01:29]} 28. Ra3 {[%emt 0:02:33]} Qd5 {[%emt 0:00:51]} 29. Bc4 {[%emt 0:00:21]} Qd7 {[%emt 0:01:17]} 30. Bc3 {[%emt 0:00:41]} a4 {[%emt 0:00:23]} 31. Ba1 {[%emt 0:01:26]} Bc6 {[%emt 0:00:21]} 32. Bb5 {[%emt 0:01:51]} Bxb5 {[%emt 0:00:32]} 33. Qxb5 {[%emt 0:00:15]} Qxb5 {[%emt 0:00:31]} 34. Rxb5 {[%emt 0:00:01]} Ra7 {[%emt 0:00:15]} 35. Ra2 {[%emt 0:00:33]} Nd5 {[%emt 0:00:18]} 36. Rc5 {[%emt 0:00:42]} Rea8 {[%emt 0:00:13]} 37. Bb2 {[%emt 0:00:58]} Nb4 {[%emt 0:00:39]} 38. Ra3 {[%emt 0:00:46]} h6 {[%emt 0:00:32]} 39. Bc1 {[%emt 0:00:07]} Nd5 {[%emt 0:00:32]} 40. Bd2 {[%emt 0:00:12]} Kf8 {[%emt 0:01:31]} 41. Rc4 {[%emt 0:31:04]} Rb7 {[%emt 0:30:51]} 42. Kg1 {[%emt 0:03:52]} Rb3 {[%emt 0:00:00]} 43. Bc1 {[%emt 0:00:00]} Ke7 {[%emt 0:00:00]} 44. Kf2 {[%emt 0:00:00]} Rb4 {[%emt 0:00:00]} 45. Rc2 {[%emt 0:00:00]} Rxd4 {[%emt 0:00:00]} 46. Bb2 {[%emt 0:00:00]} Rb4 {[%emt 0:00:00]} 47. Bxg7 {[%emt 0:00:00]} f6 {[%emt 0:00:00]} 48. f5 {[%emt 0:00:00]} Rb3 {[%emt 0:00:00]} 49. Rca2 {[%emt 0:00:00]} Nb4 {[%emt 0:00:00]} 50. Rxa4 {[%emt 0:00:00]} Rg8 {[%emt 0:00:00]} 51. Ra7+ {[%emt 0:00:00]} Kd6 {[%emt 0:01:24]} 52. Rd2+ {[%emt 0:00:00]} Ke5 {[%emt 0:00:22]} 53. fxe6 {[%emt 0:00:00]} Kxe6 {[%emt 0:00:18]} 54. Bxh6 {[%emt 0:02:42]} Rgxg3 {[%emt 0:00:21]} 55. Re2+ {[%emt 0:04:32]} Kf5 {[%emt 0:00:16]} 56. Re3 {[%emt 0:00:55]} Rxh3 {[%emt 0:01:12]} 57. Ra5+ {[%emt 0:02:10]} Kg6 {[%emt 0:00:28]} 58. Rxh3 {[%emt 0:01:05]} Rxh3 {[%emt 0:00:08]} 59. Bf8 {[%emt 0:00:06]} Rb3 {[%emt 0:01:25]} 60. Ra4 {[%emt 0:01:04]} Nd3+ {[%emt 0:00:33]} 61. Kg2 {[%emt 0:00:22]} Ne5 {[%emt 0:00:26]} 62. Be7 {[%emt 0:00:27]} Rb7 {[%emt 0:02:22]} 63. Bxf6 {[%emt 0:01:02]} Kxf6 {[%emt 0:00:04]} 64. Kf2 {[%emt 0:00:30]} Rb3 {[%emt 0:00:14]} 65. Ke2 {[%emt 0:00:22]} Ke6 {[%emt 0:01:03]} 66. Kd2 {[%emt 0:00:09]} Kd5 {[%emt 0:00:14]} 67. Ke2 {[%emt 0:00:20]} Nc4 {[%emt 0:00:20]} 68. Ra8 {[%emt 0:00:30]} Ke4 {[%emt 0:00:28]} 69. Re8+ {[%emt 0:00:12]} Ne5 {[%emt 0:00:25]} 70. Kd2 {[%emt 0:00:22]} Kd4 {[%emt 0:01:19]} 71. Rd8+ {[%emt 0:00:17]} Kc5 {[%emt 0:00:26]} 72. Kc2 {[%emt 0:00:30]} Re3 $17 {[%emt 0:00:54]} 73. Rc8+ {[%emt 0:00:22]} Kd4 {[%emt 0:00:24]} 74. Rd8+ {[%emt 0:00:18]} Ke4 {[%emt 0:00:36]} 75. Re8 {[%emt 0:00:17]} Kf3 {[%emt 0:00:33]} 76. Rf8+ {[%emt 0:00:22]} Ke2 {[%emt 0:00:09]} 77. Rh8 {[%emt 0:00:45]} Nf3 {[%emt 0:00:10]} 78. Rd8 {[%emt 0:00:58]} Ne1+ {[%emt 0:01:10]} 79. Kb2 {[%emt 0:00:29]} Nf3 {[%emt 0:00:23]} 80. Kc2 {[%emt 0:00:11]} Ne5 {[%emt 0:00:34]} 81. Rh8 {[%emt 0:00:16]} Kf2 {[%emt 0:00:46]} 82. Rh2+ {[%emt 0:00:24]} Kg3 {[%emt 0:00:11]} 83. Rh8 {[%emt 0:00:09]} Nc6 {[%emt 0:00:34]} 84. Rf8 {[%emt 0:00:21]} Nb4+ {[%emt 0:00:24]} 85. Kd2 {[%emt 0:00:20]} Rd3+ {[%emt 0:00:17]} 86. Ke2 {[%emt 0:00:08]} Ra3 {[%emt 0:00:17]} 87. Rg8+ {[%emt 0:00:18]} Kf4 {[%emt 0:00:15]} 1/2-1/2

[Event "DFMMLV 2019"]
[Site "Braunfels"]
[Date "2019.06.22"]
[Round "4.17"]
[White "Steinbacher, Claudia"]
[Black "Brandt, Carina"]
[Result "1-0"]
[WhiteElo "2080"]
[BlackElo "2085"]
[Annotator "NA"]
[PlyCount "77"]
[EventDate "2019.06.20"]
[EventType "team-tourn"]
[EventCountry "GER"]
[SourceTitle "playchess.com"]
[Source "ChessBase"]
[SourceQuality "1"]
[WhiteTeam "Sachsen"]
[BlackTeam "Hamburg"]
[TimeControl "40/5400+30:1800+30"]

1. d4 {[%emt 0:00:00]} Nf6 {[%emt 0:00:00]} 2. c4 {[%emt 0:00:00]} g6 {[%emt 0:00:00]} 3. Nc3 {[%emt 0:00:00]} Bg7 {[%emt 0:00:00]} 4. e4 {[%emt 0:00:00]} d6 {[%emt 0:00:00]} 5. f3 {[%emt 0:00:00]} O-O {[%emt 0:00:02]} 6. Be3 {[%emt 0:00:00]} Nc6 {[%emt 0:00:07]} 7. Nge2 {[%emt 0:03:04]} a6 {[%emt 0:01:35]} 8. Qd2 {[%emt 0:03:26]} e5 {[%emt 0:00:28]} 9. d5 {[%emt 0:00:16]} Na5 {[%emt 0:00:10]} 10. Ng3 {[%emt 0:01:12]} b5 {[%emt 0:00:30]} 11. c5 {[%emt 0:07:21]} dxc5 {[%emt 0:06:02]} 12. Bxc5 {[%emt 0:00:02]} Re8 {[%emt 0:00:09]} 13. b4 {[%emt 0:03:40]} Nb7 {[%emt 0:01:25]} 14. Be3 {[%emt 0:03:37]} Bf8 {[%emt 0:01:26]} 15. Qb2 {[%emt 0:01:15]} Nd6 {[%emt 0:03:24]} 16. Rb1 {[%emt 0:04:29]} c6 {[%emt 0:10:00]} 17. dxc6 {[%emt 0:00:51]} Be6 {[%emt 0:00:06]} 18. Rd1 {[%emt 0:06:48]} Qc7 {[%emt 0:01:38]} 19. Nd5 {[%emt 0:00:43]} Bxd5 {[%emt 0:00:05]} 20. exd5 {[%emt 0:00:08]} Rad8 {[%emt 0:01:04]} 21. Bg5 {[%emt 0:08:17]} Be7 {[%emt 0:01:38]} 22. h4 {[%emt 0:06:15]} Nf5 {[%emt 0:06:48]} 23. Nxf5 {[%emt 0:10:59]} gxf5 {[%emt 0:00:14]} 24. Bxf6 {[%emt 0:06:04]} Bxf6 {[%emt 0:00:08]} 25. Be2 {[%emt 0:01:55]} Rd6 {[%emt 0:03:31]} 26. Qb3 {[%emt 0:02:45]} e4 {[%emt 0:02:31]} 27. fxe4 {[%emt 0:00:41]} Rxe4 {[%emt 0:00:15]} 28. Kf1 {[%emt 0:00:55]} Qe7 {[%emt 0:01:50]} 29. Bf3 {[%emt 0:03:30]} Re3 {[%emt 0:01:34]} 30. Qc2 {[%emt 0:00:29]} Bxh4 {[%emt 0:04:30]} 31. Rxh4 {[%emt 0:00:37]} Qxh4 {[%emt 0:00:12]} 32. c7 {[%emt 0:00:11]} Re5 {[%emt 0:26:17]} 33. c8=Q+ {[%emt 0:01:42]} Kg7 {[%emt 0:00:01]} 34. Q8c3 {[%emt 0:04:12]} f6 {[%emt 0:02:54]} 35. Qc7+ {[%emt 0:00:31]} Kh6 {[%emt 0:00:01]} 36. Qd2+ {[%emt 0:02:23]} f4 {[%emt 0:00:12]} 37. Qxd6 {[%emt 0:01:13]} Qh1+ {[%emt 0:00:51]} 38. Kf2 {[%emt 0:00:03]} Qh4+ {[%emt 0:00:05]} 39. Kg1 {[%emt 0:00:08]} 1-0

[Event "DFMMLV 2019"]
[Site "Braunfels"]
[Date "2019.06.22"]
[Round "4.18"]
[White "Wulf, Constanze"]
[Black "Arnhold, Steffi"]
[Result "1-0"]
[WhiteElo "1711"]
[BlackElo "1996"]
[Annotator "NA"]
[PlyCount "113"]
[EventDate "2019.06.20"]
[EventType "team-tourn"]
[EventCountry "GER"]
[SourceTitle "playchess.com"]
[Source "ChessBase"]
[SourceQuality "1"]
[WhiteTeam "Hamburg"]
[BlackTeam "Sachsen"]
[TimeControl "40/5400+30:1800+30"]

1. e4 {[%emt 0:00:00]} c5 {[%emt 0:00:00]} 2. Nf3 {[%emt 0:00:00]} Nc6 {[%emt 0:00:00]} 3. Bb5 {[%emt 0:00:00]} g6 {[%emt 0:00:03]} 4. Bxc6 {[%emt 0:00:00]} dxc6 {[%emt 0:00:09]} 5. d3 {[%emt 0:00:19]} Bg7 {[%emt 0:00:41]} 6. O-O {[%emt 0:00:14]} Nf6 {[%emt 0:02:04]} 7. Nc3 {[%emt 0:00:21]} O-O {[%emt 0:00:29]} 8. Be3 {[%emt 0:00:39]} b6 {[%emt 0:00:25]} 9. Qd2 {[%emt 0:00:33]} Bb7 {[%emt 0:10:35]} 10. a3 {[%emt 0:17:04]} Qc7 {[%emt 0:13:31]} 11. Bf4 {[%emt 0:07:28]} Qc8 {[%emt 0:00:32]} 12. Bh6 {[%emt 0:00:42]} Rd8 {[%emt 0:03:50]} 13. Bxg7 {[%emt 0:00:22]} Kxg7 {[%emt 0:00:06]} 14. Qg5 {[%emt 0:05:17]} Qe6 {[%emt 0:09:47]} 15. Qh4 {[%emt 0:06:04]} h6 {[%emt 0:05:42]} 16. Rad1 {[%emt 0:20:18]} g5 {[%emt 0:05:56]} 17. Qg3 {[%emt 0:01:40]} Nh5 {[%emt 0:08:35]} 18. Qe5+ {[%emt 0:08:40]} Qxe5 {[%emt 0:00:09]} 19. Nxe5 {[%emt 0:00:03]} f6 {[%emt 0:04:58]} 20. Ng4 {[%emt 0:00:52]} Rd7 {[%emt 0:02:30]} 21. g3 {[%emt 0:06:10]} Kh7 {[%emt 0:13:47]} 22. Ne3 {[%emt 0:00:56]} Ng7 {[%emt 0:01:29]} 23. f4 {[%emt 0:04:13]} Ne6 {[%emt 0:02:38]} 24. fxg5 {[%emt 0:01:03]} hxg5 {[%emt 0:04:16]} 25. Rf2 {[%emt 0:02:33]} Nd4 {[%emt 0:04:10]} 26. Rdf1 {[%emt 0:00:15]} Kg6 {[%emt 0:01:32]} 27. e5 {[%emt 0:00:59]} fxe5 {[%emt 0:01:29]} 28. Ng4 {[%emt 0:00:15]} Rc7 {[%emt 0:01:12]} 29. Nxe5+ {[%emt 0:00:08]} Kh6 {[%emt 0:00:17]} 30. Ne4 {[%emt 0:01:30]} Rg8 {[%emt 0:00:29]} 31. g4 {[%emt 0:10:59]} Bc8 {[%emt 0:01:31]} 32. Rf8 {[%emt 0:02:34]} Rxf8 {[%emt 0:00:23]} 33. Rxf8 {[%emt 0:00:04]} Be6 {[%emt 0:00:58]} 34. c3 {[%emt 0:00:28]} Ne2+ {[%emt 0:00:09]} 35. Kf2 {[%emt 0:00:27]} Nf4 {[%emt 0:00:10]} 36. Ke3 {[%emt 0:01:25]} Rc8 {[%emt 0:00:36]} 37. Rxc8 {[%emt 0:00:21]} Bxc8 {[%emt 0:00:05]} 38. Nf7+ {[%emt 0:02:09]} Kg6 {[%emt 0:00:27]} 39. Nfxg5 {[%emt 0:00:25]} e5 {[%emt 0:00:44]} 40. h3 {[%emt 0:01:34]} Ba6 {[%emt 0:01:00]} 41. c4 {[%emt 0:04:09]} Bc8 {[%emt 0:01:10]} 42. Nf3 {[%emt 0:07:23]} Nxh3 {[%emt 0:00:33]} 43. Nxe5+ {[%emt 0:00:13]} Kh6 {[%emt 0:02:34]} 44. Kf3 {[%emt 0:02:04]} Ng5+ {[%emt 0:02:53]} 45. Kf4 {[%emt 0:01:18]} Ne6+ {[%emt 0:00:41]} 46. Kf5 {[%emt 0:00:41]} Kg7 {[%emt 0:00:43]} 47. Nd6 {[%emt 0:00:10]} Nd4+ {[%emt 0:00:10]} 48. Ke4 {[%emt 0:00:14]} Be6 {[%emt 0:00:59]} 49. Kf4 {[%emt 0:05:13]} Ne2+ {[%emt 0:02:49]} 50. Kg5 {[%emt 0:00:38]} Nd4 {[%emt 0:00:47]} 51. Nf5+ {[%emt 0:01:58]} Bxf5 {[%emt 0:00:39]} 52. gxf5 {[%emt 0:00:02]} Kf8 {[%emt 0:02:21]} 53. Kg6 {[%emt 0:00:32]} Ne2 {[%emt 0:00:57]} 54. f6 {[%emt 0:00:26]} Nf4+ {[%emt 0:00:29]} 55. Kf5 {[%emt 0:00:36]} Nh5 {[%emt 0:01:25]} 56. Ke6 {[%emt 0:00:32]} Nf4+ {[%emt 0:00:29]} 57. Kd6 {[%emt 0:00:40]} 1-0